Name a Valid Saint - Statistics

General Stats
  • This quiz has been taken 336 times
  • The average score is 7 of 9
Answer Stats
Name a Saint ... Answer % Correct
that was one of the 12 Apostles St. Peter, St. John, St. Andrew, St. Philip, ...
100%
that was also a 20th Century Pope Pope St. Pius X, Pope St. John XXIII, Pope St. Paul VI, Pope St. John Paul II
94%
who witnessed the Crucifixion Virgin Mary; Mary Magdalene; Mary, mother of James; St. John, St. Longinus, St. Dismas
91%
that was crucified Jesus, St. Peter, St. Dismas, St. Andrew, St. Simeon, St. Eulalia, Japanese Martyrs
89%
that was related to Jesus (besides Mary & Joseph) St. Anne, St. Elizabeth, St. John the Baptist, St. Clopas, St. Joachim
87%
that is an early Doctor of the Church St. Gregory the Great, St. Ambrose, St. Augustine, St. Jerome, ...
67%
that bore stigmata St. Francis, St. Rita, St. Veronica, St. Pio, St. Catherine of Siena, ...
65%
that was born in North America St. Elizabeth Ann Seton, St. Katharine Drexel, St. Kateri Tekakwitha
32%
that was born in South America St. Rose of Lima, St. Mariana de Jesús, St. Martin de Porres, St. Miguel Cordero, ...
30%
No matching quizzes found
Score Distribution
Percent of People with Each Score
Percentile by Number Answered
Your Score History
You have not taken this quiz